| 000 | 01653nam a2200433 i 4500 | ||
|---|---|---|---|
| 001 | 60081 | ||
| 003 | FlNmELB | ||
| 005 | 20241217142045.0 | ||
| 006 | m o d | | ||
| 007 | cr cnu|||||||| | ||
| 008 | 150608s2008 sp o 000 0 spa d | ||
| 020 | _z9788478407552 | ||
| 035 | _a(MiAaPQ)EBC3199497 | ||
| 035 | _a(Au-PeEL)EBL3199497 | ||
| 035 | _a(CaPaEBR)ebr10565745 | ||
| 035 | _a(OCoLC)1010606919 | ||
| 040 |
_aFINmELB _bspa _erda _cFINmELB |
||
| 050 | 4 |
_aQE501.3 _bE825 2008 |
|
| 082 | 0 |
_a551 _223 |
|
| 245 | 0 | 3 |
_aEl estudio y la gestión de los riesgos geológicos / _ceditores: I. Galindo Jiménez, L. Laín Huerta, M. Llorente Isidro. |
| 264 | 1 |
_aMadrid : _bInstituto Geológico y Minero de España, _c2008. |
|
| 300 | _a1 recurso en línea (205 páginas) | ||
| 336 |
_atexto _btxt _2rdacontent/spa |
||
| 337 |
_acomputadora _bc _2rdamedia/spa |
||
| 338 |
_arecurso en línea _bcr _2rdacarrier/spa |
||
| 490 | 1 |
_aMedio ambiente ; _v12 |
|
| 588 | _aDescripción basada en recurso en línea; Título de la página del título en PDF (e-libro, visto June 08, 2015). | ||
| 590 | _aRecurso electrónico. Santa Fe, Arg.: e-libro, 2015. Disponible vía World Wide Web. El acceso puede estar limitado para las bibliotecas afiliadas a e-libro. | ||
| 650 | 4 | _aRiesgos naturales. | |
| 650 | 0 | _aGeodynamics. | |
| 650 | 0 | _aNatural disasters. | |
| 655 | 4 | _aLibros electrónicos. | |
| 700 | 1 | _aGalindo Jiménez, Ines. | |
| 700 | 1 | _aLaín Huerta, Luis. | |
| 700 | 1 | _aLlorente Isidro, Miguel. | |
| 797 | 2 | _ae-libro, Corp. | |
| 830 | 0 |
_aMedio ambiente ; _v12. |
|
| 856 | 4 | 0 | _uhttps://elibro.net/ereader/politecnicointernacional/52576 |
| 999 |
_c60081 _d60081 |
||